000 00311nam a2200133Ia 4500
008 240624s9999 xx 000 0 und d
041 _aeng
082 _a891.43 VER
100 _aVERMA BHAGWATI
245 _aCHANAKYA
260 _c2012
_aDelhi
_bSahitya Academy
300 _a126 : p. : cm. ; 20
365 _cRS
999 _c20926
_d20926